| 000 | 00654aab a2200205 4500 | ||
|---|---|---|---|
| 001 | 768714001 | ||
| 003 | CO-MdFUSB | ||
| 005 | 20240702105618.0 | ||
| 008 | 170602s2003 cr ||||| |||| 00| 0 spa d | ||
| 022 | _a1409-1968 | ||
| 040 |
_aCO-MdFUSB _bspa _cCO-MdFUSB _dCO-MdFUSB |
||
| 041 | _aspa | ||
| 100 | 1 |
_aSwindoll, Orville E. (Orwille) _eautor |
|
| 245 | 1 | 3 |
_aLa iglesia por las casas _c/ Orville E. Swindoll |
| 300 |
_aVolumen 20. Número 4 (2003), Páginas 26-30 _c; 27 cm. |
||
| 546 | _aTexto en español | ||
| 773 | 0 |
_tApuntes Pastorales _049442 _960152 _gVolumen 20. Número 4 (2003), Páginas 26-30 _qPágina 26 |
|
| 942 | _cANA | ||
| 945 | _aJTF-925 | ||
| 999 |
_c60700 _d60700 |
||